| 000 | 00639nam a2200181 a 4500 | ||
|---|---|---|---|
| 001 | 000035025 | ||
| 005 | 20200930074044.0 | ||
| 008 | 111024s1963 sp 000 0 spa d | ||
| 040 |
_aDO-SdBNP _bspa _cBNPHU |
||
| 082 |
_a330.1513 _bL333e |
||
| 100 | 1 |
_aLarraz, José _960649 |
|
| 245 | 1 | 3 |
_aLa época del mercantilismo en Castilla : _b(1500-1700) / _cJosé Larraz. |
| 260 |
_aMadrid : _bAguilar, _c1963. |
||
| 300 |
_axviii, 151 p. ; _c21 cm. |
||
| 590 | _aPerteneció a la biblioteca personal de Juan Isidro Jimenes Grullón | ||
| 650 | 4 |
_aMercatilismo _zEspaña _y1500-1700 _960650 |
|
| 651 | 4 |
_aEspaña _xPolítica Comercial _y1500-1700 _960651 |
|
| 999 |
_c34516 _d34516 |
||